000
00275nam a2200121Ia 4500
008
190216s9999||||xx |||||||||||||| ||und||
100
_a
Murray Dbryce
245
0
_a
Industrial Development
260
_b
Mcgraw -hill
_c
1960
300
_a
282p
650
_a
Commerce
942
_c
BK
999
_c
4500
_d
4500